000 00613nam a22001937a 4500
003 UA-OsUOA
001 10439
007 ta
008 20050125b un ||||| |||| 00| 0 ukr d
942 _cBK
040 _aUA-OsUOA
_brus
_cUA-OsUOA
_dUA-OsUOA
245 _aМатеріали до звіту про результати наукової діяльності Волинського державного університету імені Лесі Українки за 1999 рік
300 _a79 с.
955 _a0
041 _arus
260 _aЛуцьк
_bВежа
_c2000
044 _aRU
650 7 _2UDC
999 _c296600
_d296600